[Event "Barbera del Valles op 45th"]
[Site "Barbera del Valles"]
[Date "2023.07.11"]
[Round "8"]
[White "Lozano Casasayas, Marc"]
[Black "Horton, Justin"]
[Result "1-0"]
[WhiteElo "1987"]
[BlackElo "2026"]
[PlyCount "71"]
[EventDate "2023.07.04"]
[EventType "swiss"]
[EventRounds "9"]
[EventCountry "ESP"]
[SourceTitle "CBM 215 Extra"]
[Source "ChessBase"]
[SourceDate "2023.09.30"]
[SourceVersion "1"]
[SourceVersionDate "2023.09.30"]
[SourceQuality "1"]

1. e4 e5 2. Nf3 Nc6 3. Bc4 Bc5 4. c3 Nf6 5. d4 exd4 6. e5 d5 7. Bb5 Ne4 8. cxd4 Bb6 9. Nc3 0-0 10. h3 Be6 11. Be3 f6 12. Bxc6 bxc6 13. 0-0 fxe5 14. Nxe5 Nxc3 15. bxc3 Qd6 16. a4 Ba5 17. Bc1 Bxc3 18. Ba3 Bb4 19. Bxb4 Qxb4 20. Nxc6 Qd6 21. Rc1 Bd7 22. Ne5 Rab8 23. Rc5 Rb4 24. a5 Bb5 25. Qd2 Bxf1 26. Qxb4 Bc4 27. Nxc4 dxc4 28. Qxc4+ Kh8 29. Rxc7 Qf4 30. Qc2 Qxd4 31. Rc8 Rg8 32. Qc4 Qd1+ 33. Kh2 Qd6+ 34. g3 Rf8 35. Qd4 Qe7 36. Qxa7 1-0

[Event "GBR-ch 108th"]
[Site "Torquay"]
[Date "2022.08.21"]
[Round "9"]
[White "Donaldson, Thomas1"]
[Black "Horton, Justin"]
[Result "1/2-1/2"]
[WhiteElo "1982"]
[BlackElo "2058"]
[PlyCount "20"]
[EventDate "2022.08.13"]
[EventType "swiss"]
[EventRounds "9"]
[EventCountry "ENG"]
[SourceTitle "CBM 209 Extra"]
[Source "ChessBase"]
[SourceDate "2022.09.30"]
[SourceVersion "1"]
[SourceVersionDate "2022.09.30"]
[SourceQuality "1"]

1. e4 e5 2. Nf3 Nc6 3. Bb5 Nf6 4. 0-0 Nxe4 5. d4 Nd6 6. Bxc6 dxc6 7. dxe5 Nf5 8. Qxd8+ Kxd8 9. h3 Ke8 10. Nc3 h5 1/2-1/2

[Event "GBR-ch 108th"]
[Site "Torquay"]
[Date "2022.08.19"]
[Round "7"]
[White "Horton, Justin"]
[Black "Payne, Matthew"]
[Result "0-1"]
[WhiteElo "2058"]
[BlackElo "2155"]
[PlyCount "82"]
[EventDate "2022.08.13"]
[EventType "swiss"]
[EventRounds "9"]
[EventCountry "ENG"]
[SourceTitle "CBM 209 Extra"]
[Source "ChessBase"]
[SourceDate "2022.09.30"]
[SourceVersion "1"]
[SourceVersionDate "2022.09.30"]
[SourceQuality "1"]

1. d4 Nf6 2. Nf3 g6 3. c4 Bg7 4. g3 0-0 5. Bg2 d6 6. 0-0 c5 7. Nc3 Nc6 8. d5 Na5 9. Nd2 e6 10. a3 exd5 11. cxd5 c4 12. Rb1 Bf5 13. e4 Bd7 14. Nf3 Nb3 15. Bf4 Qb6 16. Be3 Qa6 17. h3 Rfe8 18. Nd4 Nc5 19. Qc2 Na4 20. f3 Nxc3 21. bxc3 Nxd5 22. exd5 Rxe3 23. Rfe1 Rxe1+ 24. Rxe1 Re8 25. Rxe8+ Bxe8 26. Qe4 Kf8 27. Qf4 Qb6 28. Kh2 Bxd4 29. cxd4 Qc7 30. Qh6+ Kg8 31. Qe3 Ba4 32. Qc3 a5 33. Bf1 b5 34. h4 Bb3 35. h5 b4 36. axb4 axb4 37. Qe1 c3 38. Qe8+ Kg7 39. h6+ Kf6 40. Qh8+ Ke7 41. Qxh7 c2 0-1

[Event "GBR-ch 108th"]
[Site "Torquay"]
[Date "2022.08.17"]
[Round "5"]
[White "Horton, Justin"]
[Black "Salmons, Calum"]
[Result "0-1"]
[WhiteElo "2058"]
[BlackElo "1944"]
[PlyCount "42"]
[EventDate "2022.08.13"]
[EventType "swiss"]
[EventRounds "9"]
[EventCountry "ENG"]
[SourceTitle "CBM 209 Extra"]
[Source "ChessBase"]
[SourceDate "2022.09.30"]
[SourceVersion "1"]
[SourceVersionDate "2022.09.30"]
[SourceQuality "1"]

1. d4 d5 2. c4 c6 3. Nf3 Nf6 4. Nc3 e6 5. e3 Nbd7 6. Bd3 dxc4 7. Bxc4 b5 8. Bd3 a6 9. e4 c5 10. d5 c4 11. dxe6 fxe6 12. Bc2 Qc7 13. 0-0 Bb7 14. Nd4 Nc5 15. e5 Nd5 16. Nxe6 Nxe6 17. Nxd5 Qxe5 18. Nf4 Bb4 19. Qg4 Nd4 20. Ng6 hxg6 21. Bxg6+ Kf8 0-1

[Event "Paignton op"]
[Site "Paignton"]
[Date "2019.09.01"]
[Round "2"]
[White "Horton, Justin"]
[Black "Waddington, Mike P"]
[Result "1-0"]
[WhiteElo "2003"]
[BlackElo "2023"]
[PlyCount "67"]
[EventDate "2019.08.31"]
[EventType "swiss"]
[EventRounds "9"]
[EventCountry "ENG"]
[SourceTitle "EXT 2020"]
[Source "ChessBase"]
[SourceDate "2019.10.17"]
[SourceVersion "1"]
[SourceVersionDate "2019.10.17"]
[SourceQuality "1"]

1. d4 e6 2. c4 b6 3. Nf3 Bb7 4. g3 Bb4+ 5. Bd2 Bxd2+ 6. Qxd2 f5 7. Bg2 Nf6 8. Nc3 0-0 9. 0-0 d6 10. Rfd1 Nbd7 11. Rac1 Qe7 12. Qc2 Ng4 13. Ne1 Bxg2 14. Nxg2 Qg5 15. h3 Nh6 16. Qd2 Qf6 17. h4 Nf7 18. Nb5 Rfc8 19. Nf4 g5 20. hxg5 Nxg5 21. Kg2 a6 22. Nc3 Rf8 23. Rh1 Rae8 24. Rh4 c6 25. Rch1 Re7 26. Rh6 Qg7 27. Ng6 hxg6 28. Qxg5 Rf6 29. e4 b5 30. e5 dxe5 31. dxe5 Nxe5 32. Rh8+ Kf7 33. R1h7 Ng4 34. Qh4 1-0

[Event "Barbera del Valles op 41st"]
[Site "Barbera del Valles"]
[Date "2018.07.07"]
[Round "4"]
[White "Horton, Justin"]
[Black "Llorens Gou, Juan"]
[Result "1-0"]
[WhiteElo "2066"]
[BlackElo "1717"]
[PlyCount "71"]
[EventDate "2018.07.04"]
[EventType "swiss"]
[EventRounds "9"]
[EventCountry "ESP"]
[SourceTitle "CBM 185 Extra"]
[Source "ChessBase"]
[SourceDate "2018.07.29"]
[SourceVersion "1"]
[SourceVersionDate "2018.07.29"]
[SourceQuality "1"]

1. d4 Nf6 2. Nf3 c5 3. d5 e6 4. c4 exd5 5. cxd5 d6 6. Nc3 g6 7. e4 Bg7 8. Be2 0-0 9. 0-0 Re8 10. Nd2 Na6 11. Re1 Nc7 12. a4 Nd7 13. Nc4 Nb6 14. Nxb6 axb6 15. Qb3 Na6 16. Bb5 Bd7 17. Bf4 Be5 18. Bxe5 Rxe5 19. f4 Rh5 20. Bxd7 Qxd7 21. Qxb6 Nb4 22. Re2 Nd3 23. g3 Qg4 24. Qxb7 Rd8 25. Rf1 c4 26. Qb6 Qc8 27. Qd4 Qd7 28. b3 Nc5 29. bxc4 Nxa4 30. Nb5 Nc5 31. e5 Qg4 32. Ref2 g5 33. Nxd6 Nd7 34. Nxf7 Ra8 35. e6 gxf4 36. Qh8# 1-0

[Event "GBR-ch 101st"]
[Site "Aberystwyth"]
[Date "2014.07.22"]
[Round "4"]
[White "Lenier, Jude"]
[Black "Horton, Justin"]
[Result "1/2-1/2"]
[WhiteElo "2099"]
[BlackElo "2104"]
[PlyCount "50"]
[EventDate "2014.07.19"]
[EventType "swiss"]
[EventRounds "11"]
[EventCountry "WLS"]
[SourceTitle "CBM 161 Extra"]
[Source "ChessBase"]
[SourceDate "2014.08.29"]
[SourceVersion "1"]
[SourceVersionDate "2014.08.29"]
[SourceQuality "1"]

1. e4 e5 2. Nf3 Nc6 3. Bb5 Nf6 4. d3 d6 5. 0-0 Bd7 6. Nc3 g6 7. d4 exd4 8. Nxd4 Bg7 9. Bg5 h6 10. Be3 0-0 11. Nxc6 bxc6 12. Be2 Re8 13. Bf3 Kh7 14. h3 Rb8 15. Rb1 c5 16. Qd3 Rb6 17. b3 Bc6 18. Nd5 Nxd5 19. exd5 Bb5 20. c4 Bd7 21. Qd2 Qf6 22. Rbe1 Rbb8 23. Be2 Ra8 24. Bd3 a5 25. Bc2 Reb8 1/2-1/2

[Event "London op Congress August"]
[Site "London"]
[Date "2013.08.26"]
[Round "5"]
[White "Craft, Isaac"]
[Black "Horton, Justin"]
[Result "0-1"]
[WhiteElo "2010"]
[BlackElo "2090"]
[PlyCount "54"]
[EventDate "2013.08.24"]
[EventType "swiss"]
[EventRounds "6"]
[EventCountry "ENG"]
[SourceTitle "EXT 2023"]
[Source "ChessBase"]
[SourceDate "2022.10.05"]
[SourceVersion "1"]
[SourceVersionDate "2022.10.05"]
[SourceQuality "1"]

1. d4 Nf6 2. c4 g6 3. Nc3 Bg7 4. e4 d6 5. h3 0-0 6. Be3 e5 7. d5 Nbd7 8. Qc2 a5 9. Be2 Nc5 10. Bxc5 dxc5 11. 0-0-0 Ne8 12. Nf3 Nd6 13. Bd3 Bd7 14. Qd2 Qe7 15. Qe3 b6 16. a4 Rae8 17. b3 f5 18. Nd2 Rf7 19. f3 Ref8 20. Nb5 Bxb5 21. cxb5 fxe4 22. Nxe4 Rf4 23. Kb2 Nf5 24. Qe1 Nd6 25. Qg3 c4 26. Nxd6 Qxd6 27. Bxc4 Rxc4 0-1

[Event "London op Congress August"]
[Site "London"]
[Date "2013.08.24"]
[Round "1"]
[White "Shaw, Dashiell"]
[Black "Horton, Justin"]
[Result "0-1"]
[WhiteElo "1927"]
[BlackElo "2090"]
[PlyCount "102"]
[EventDate "2013.08.24"]
[EventType "swiss"]
[EventRounds "6"]
[EventCountry "ENG"]
[SourceTitle "EXT 2023"]
[Source "ChessBase"]
[SourceDate "2022.10.05"]
[SourceVersion "1"]
[SourceVersionDate "2022.10.05"]
[SourceQuality "1"]

1. e4 e6 2. d4 d5 3. Nd2 Be7 4. Bd3 c5 5. dxc5 Nf6 6. exd5 Qxd5 7. Ngf3 Nbd7 8. b4 a5 9. Bc4 Qc6 10. c3 b6 11. 0-0 bxc5 12. b5 Qc7 13. a4 Bb7 14. Qe2 0-0 15. Ba3 Nb6 16. Bb3 Nbd5 17. Bxd5 Nxd5 18. Ne4 Rfe8 19. Bb2 Rad8 20. Rad1 c4 21. Ned2 Nf4 22. Qxc4 Qb8 23. Qb3 Rd3 24. Qc2 Qa8 25. Rfe1 Bxf3 26. gxf3 Rxf3 27. Qe4 Qxe4 28. Nxe4 f5 29. Ng3 Bc5 30. Rd2 Nh3+ 31. Kg2 Rxf2+ 32. Rxf2 Nxf2 33. Re2 Nd3 34. Kf3 g6 35. Rd2 e5 36. Ke2 e4 37. c4 f4 38. Nxe4 Nxb2 39. Kf3 Nxc4 40. Rd5 Be7 41. Kxf4 Nb6 42. Rd4 Rd8 43. Rxd8+ Bxd8 44. Ke5 Bc7+ 45. Ke6 Bxh2 46. Nc3 Kg7 47. Nd5 Nxa4 48. b6 Nc5+ 49. Ke7 a4 50. Nc7 a3 51. Ne8+ Kh6 0-1

[Event "South Wales op 10th"]
[Site "Penarth"]
[Date "2013.07.17"]
[Round "7"]
[White "Strugnell, Carl"]
[Black "Horton, Justin"]
[Result "0-1"]
[WhiteElo "2302"]
[BlackElo "2090"]
[PlyCount "73"]
[EventDate "2013.07.14"]
[EventType "swiss"]
[EventRounds "9"]
[EventCountry "WLS"]
[SourceTitle "CBM 155 Extra"]
[Source "ChessBase"]
[SourceDate "2013.08.26"]
[SourceVersion "1"]
[SourceVersionDate "2013.08.26"]
[SourceQuality "1"]

1. e4 e5 2. Nf3 Nc6 3. Bb5 Nf6 4. d3 d6 5. 0-0 g6 6. d4 Bd7 7. d5 Nb8 8. Bxd7+ Nbxd7 9. Re1 Bg7 10. c4 0-0 11. Nc3 a5 12. Rb1 Nc5 13. b3 Qd7 14. h3 Nh5 15. Be3 b6 16. a3 f5 17. exf5 Qxf5 18. Ng5 Nf4 19. Qg4 h6 20. Bxc5 bxc5 21. Nge4 Rf7 22. Qd1 h5 23. b4 axb4 24. axb4 cxb4 25. Rxb4 Bh6 26. Kh2 Ra3 27. Rb3 Rxb3 28. Qxb3 Nxg2 29. Qb8+ Kg7 30. Kxg2 Qf3+ 31. Kf1 Qxh3+ 32. Ke2 Qf3+ 33. Kf1 Bd2 34. Qb1 Bxc3 35. Rd1 Rf4 36. Qd3 Qh1+ 37. Ke2 0-1

[Event "South Wales op 10th"]
[Site "Penarth"]
[Date "2013.07.16"]
[Round "6"]
[White "Horton, Justin"]
[Black "Waterfield, John"]
[Result "1-0"]
[WhiteElo "2090"]
[BlackElo "1980"]
[PlyCount "71"]
[EventDate "2013.07.14"]
[EventType "swiss"]
[EventRounds "9"]
[EventCountry "WLS"]
[SourceTitle "CBM 155 Extra"]
[Source "ChessBase"]
[SourceDate "2013.08.26"]
[SourceVersion "1"]
[SourceVersionDate "2013.08.26"]
[SourceQuality "1"]

1. Nf3 Nf6 2. c4 g6 3. d4 c5 4. d5 b5 5. cxb5 a6 6. b6 Qxb6 7. Nc3 d6 8. e4 Nbd7 9. Nd2 Bg7 10. a4 0-0 11. a5 Qd8 12. Be2 Rb8 13. 0-0 Ne8 14. Nc4 Nc7 15. Bg5 h6 16. Bh4 Qe8 17. Qd2 Nb5 18. Nxb5 axb5 19. Na3 c4 20. Nc2 Nc5 21. Nb4 Nb3 22. Qe3 g5 23. Nc6 Ra8 24. Bg3 Nxa1 25. Rxa1 e5 26. Qb6 Bd7 27. Qxb5 Bxc6 28. dxc6 Qb8 29. Bxc4 Qxb5 30. Bxb5 Rfb8 31. Bc4 Rxb2 32. f3 Rc2 33. Bd5 Bf6 34. Bf2 Rxf2 35. Kxf2 Ra7 36. Rb1 1-0

[Event "South Wales op 10th"]
[Site "Penarth"]
[Date "2013.07.15"]
[Round "4"]
[White "Horton, Justin"]
[Black "Bennett, Rhys"]
[Result "1-0"]
[WhiteElo "2090"]
[BlackElo "1729"]
[PlyCount "71"]
[EventDate "2013.07.14"]
[EventType "swiss"]
[EventRounds "9"]
[EventCountry "WLS"]
[SourceTitle "CBM 155 Extra"]
[Source "ChessBase"]
[SourceDate "2013.08.26"]
[SourceVersion "1"]
[SourceVersionDate "2013.08.26"]
[SourceQuality "1"]

1. Nf3 d5 2. d4 Nf6 3. c4 e6 4. Bg5 Be7 5. Nc3 Nbd7 6. e3 0-0 7. Rc1 a6 8. c5 c6 9. Bd3 e5 10. dxe5 Ne8 11. Bf4 Nxc5 12. Bb1 Ne6 13. Bg3 f6 14. h4 fxe5 15. Bxe5 Nc5 16. b4 Nd7 17. Bd4 Bxb4 18. Ng5 Ndf6 19. Qd3 h6 20. Nh7 Rf7 21. Nxf6+ Nxf6 22. 0-0 Bxc3 23. Bxc3 Ne4 24. f3 Nf6 25. g4 Qd6 26. Kg2 Kf8 27. Bd4 Ke8 28. Qg6 Bd7 29. g5 hxg5 30. hxg5 Qe6 31. gxf6 Qh3+ 32. Kf2 Qh2+ 33. Qg2 Qh4+ 34. Qg3 Qxg3+ 35. Kxg3 gxf6 36. Bg6 1-0

[Event "South Wales op 9th"]
[Site "Penarth"]
[Date "2012.07.10"]
[Round "6"]
[White "Duncan, Christopher R"]
[Black "Horton, Justin"]
[Result "1-0"]
[WhiteElo "2318"]
[BlackElo "2079"]
[PlyCount "57"]
[EventDate "2012.07.08"]
[EventType "swiss"]
[EventRounds "9"]
[EventCountry "WLS"]
[SourceTitle "CBM 149 Extra"]
[Source "ChessBase"]
[SourceDate "2012.08.24"]
[SourceVersion "1"]
[SourceVersionDate "2012.08.24"]
[SourceQuality "1"]

1. Nf3 d5 2. d4 Nf6 3. c4 c6 4. Nc3 dxc4 5. a4 Bf5 6. Nh4 e6 7. Nxf5 exf5 8. e3 Bb4 9. Bxc4 Nbd7 10. Qb3 Bxc3+ 11. bxc3 0-0 12. Qxb7 Nb6 13. Bd3 Qd5 14. 0-0 Ne4 15. a5 Nc4 16. Qa6 Ned6 17. Ba3 Nxa3 18. Rxa3 Ne4 19. c4 Qd6 20. c5 Qd7 21. Rb1 Rab8 22. Rab3 Rxb3 23. Rxb3 Qe6 24. Bc4 Qf6 25. Rb7 g6 26. Qxa7 Nc3 27. a6 Nb5 28. Bxb5 cxb5 29. Rb8 1-0

[Event "South Wales op 9th"]
[Site "Penarth"]
[Date "2012.07.08"]
[Round "1"]
[White "Horton, Justin"]
[Black "Chatalbashev, Boris"]
[Result "0-1"]
[WhiteElo "2079"]
[BlackElo "2550"]
[PlyCount "60"]
[EventDate "2012.07.08"]
[EventType "swiss"]
[EventRounds "9"]
[EventCountry "WLS"]
[SourceTitle "CBM 149 Extra"]
[Source "ChessBase"]
[SourceDate "2012.08.24"]
[SourceVersion "1"]
[SourceVersionDate "2012.08.24"]
[SourceQuality "1"]

1. d4 Nf6 2. Nf3 c5 3. d5 b5 4. Bg5 Ne4 5. Bf4 Bb7 6. a4 Qa5+ 7. c3 b4 8. c4 e6 9. Qd3 f5 10. Nbd2 Be7 11. Nxe4 fxe4 12. Qxe4 0-0 13. e3 b3+ 14. Kd1 Bf6 15. Bd3 g6 16. Bd6 Na6 17. Qg4 Rf7 18. Ne5 Rg7 19. dxe6 Qb6 20. Nf7 dxe6 21. Nh6+ Kh8 22. Qf4 Bxb2 23. Ke2 Nb4 24. Be5 Bxe5 25. Qxe5 Rf8 26. Rad1 Bxg2 27. Be4 Nc6 28. Bxc6 Bxc6 29. Rd6 Bf3+ 30. Kf1 Qb7 0-1

[Event "Huesca 4th"]
[Site "Huesca"]
[Date "2011.09.05"]
[Round "4.3"]
[White "Gonzalez Gambau, Jorge"]
[Black "Horton, Justin"]
[Result "1/2-1/2"]
[WhiteElo "2069"]
[BlackElo "2106"]
[PlyCount "32"]
[EventDate "2011.06.20"]
[EventType "swiss"]
[EventRounds "6"]
[EventCountry "ESP"]
[SourceTitle "EXT 2024"]
[Source "ChessBase"]
[SourceDate "2023.10.10"]
[SourceVersion "1"]
[SourceVersionDate "2023.10.10"]
[SourceQuality "1"]

1. e4 e5 2. Nf3 Nc6 3. d4 exd4 4. Bc4 Nf6 5. 0-0 Nxe4 6. Re1 d5 7. Bxd5 Qxd5 8. Nc3 Qh5 9. Nxe4 Be6 10. Bg5 Bd6 11. c4 Bb4 12. Nxd4 Qxd1 13. Rexd1 Nxd4 14. Rxd4 Be7 15. Bxe7 Kxe7 16. Nc5 Rad8 1/2-1/2